Estética del paisaje natural
Αποθηκεύτηκε σε:
| Κύριος συγγραφέας: | |
|---|---|
| Μορφή: | Βιβλίο |
| Γλώσσα: | Ισπανικά |
| Έκδοση: |
Madrid
Consejo Superior de Investigaciones Científicas
1945
|
| Θέματα: | |
| Ετικέτες: |
Προσθήκη ετικέτας
Δεν υπάρχουν, Καταχωρήστε ετικέτα πρώτοι!
|
MARC
| LEADER | 00000nam a2200000 a 4500 | ||
|---|---|---|---|
| 001 | UCZ0281 | ||
| 003 | CL-VaPUC | ||
| 008 | 950728e19450000SP |||||||||||||||||spa|d | ||
| 082 | 0 | 4 | |a 704.943 |b SAN |2 21 |
| 100 | 0 | |a Sánchez de Muniain, José María |e author |9 343000 | |
| 245 | 1 | 0 | |a Estética del paisaje natural |
| 300 | |a 372 p | ||
| 942 | |c BK | ||
| 945 | |d 19950728 00:00:00 |a awong | ||
| 260 | |a Madrid |b Consejo Superior de Investigaciones Científicas |c 1945 | ||
| 650 | 0 | |a Estética |9 264950 | |
| 650 | 7 | |a PAISAJE |2 CL-VaPUC |9 262794 | |
| 650 | 7 | |a BELLEZAS NATURALES |2 CL-VaPUC |9 264749 | |
| 583 | |a last modification |c 19950728 00:00:00 |k Rodrigo Vera | ||
| 999 | |c 237236 |d 237234 | ||
| 952 | |0 0 |1 0 |4 0 |6 704_943000000000000_SAN_1945 |7 0 |8 A |9 246112 |a BIBART |b BIBART |d 2019-11-18 |i 3107639 |o 704.943 SAN 1945 |p 3107639 |r 2025-03-13 |w 2019-11-18 |y BK |k ART | ||